Lesnícka politika a legislatíva v období transformácie lesníctva

Bibliographic Details
Main Author: Ebergényi, Andrej (Author)
Format: Article
Language:Slovak
ISBN:8088853036
Subjects:

MARC

LEADER 00000nab a2200000 a 4500
001 vtls000716944
003 SK-MaSNL
005 20260302194319.0
008 040806c xo 0 slo
015 |a SNBRA2000/03-08262 
035 |a CLN000069111 
040 |a SNKBUCL  |b slo  |c SNKBUCL  |e AACR2 
041 0 |a slo 
044 |a xo  |c SK 
080 |a 630 9(437.6):349.42  |2 UDC-MRF-SK2 
080 |a 349.42(437.6)  |2 UDC-MRF-SK2 
100 1 |a Ebergényi, Andrej  |4 aut  |9 782424 
245 1 0 |a Lesnícka politika a legislatíva v období transformácie lesníctva  |c Andrej Ebergényi 
650 0 7 |a politika lesnícka  |z Slovensko  |2 snkbucl  |9 841703 
650 0 7 |a lesníctvo  |x legislatíva  |2 snkbucl  |9 914226 
650 0 7 |a legislatíva lesnícka  |2 snkbucl  |9 907487 
655 7 |a články zo zborníkov  |2 snkbucl  |9 166140 
773 0 |w SK01SNK19970254666  |z 8088853036  |t Ekologické obhospodarovanie lesov pre ich nepretržitý rozvoj  |d Zvolen : Lesnícky výskumný ústav, [1997]  |g S. 245-247 
850 |a Slovenská národná knižnica v Martine 
852 |a SNK  |b KIS3GCP 
999 |c 1448121  |d 1450051